[Event "XIX Sants Open 2017"]
[Site "Cotxeres de Sants"]
[Date "2017.08.18"]
[Round "1"]
[White "Jumabayev, Rinat"]
[Black "Perez Pastora, Evarist"]
[Result "1-0"]
[WhiteElo "2610"]
[BlackElo "2121"]
[Annotator "TA"]
[PlyCount "109"]
[EventDate "2017.??.??"]
[EventType "swiss"]
[EventCountry "ESP"]
[SourceTitle "playchess.com"]
[Source "ChessBase"]
[SourceQuality "1"]

{[%evp 18,109,47,47,46,14,26,23,41,47,49,39,50,33,47,27,68,40,71,77,78,70,91,91,102,91,89,53,63,59,75,61,86,52,67,43,141,148,67,25,35,31,22,31,31,34,53,43,74,50,34,17,149,146,132,52,206,203,199,212,202,191,209,210,309,313,296,280,313,265,432,259,269,262,260,237,282,264,280,195,207,197,241,256,269,239,356,351,427,417,772,782,941,939]} 1. Nf3 Nf6 2. g3 g6 3. Bg2 Bg7 4. O-O O-O 5. d4 d6 6. c4 Nc6 7. Nc3 a6 8. Bf4 Bf5 {E63: King's Indian: Fianchetto: Panno Variation with 7...a6} (8... Rb8 9. Rc1 h6 10. h3 g5 11. Bd2 e5 12. d5 Ne7 13. e4 b5 14. cxb5 axb5 15. Ne1 c6 16. dxc6 Nxc6 {1-0 (48) Bruzon Batista,L (2643)-Cuenca Jimenez,J (2513) Linares 2017}) 9. d5 Na5 10. b3 {LiveBook: 3 Games} c5 {White is slightly better.} 11. dxc6 Nxc6 12. Rc1 Qa5 $146 ({Find the theoretical novelty and annotate with similar games:} 12... Qd7 13. Na4 Rad8 14. Nb6 Qc7 15. Nd5 Qd7 16. Bg5 {½-½ (56) Liu,Y (2414)-Chen,Q (2328) Shanghai 2017}) 13. Bd2 Qd8 14. Nh4 Bd7 15. h3 Rc8 16. e3 {[%cal Be2e3,Be3e4][%mdl 32]} Qb6 17. Qe2 h6 18. Nf3 Be6 19. Rfd1 Rfd8 20. e4 Re8 21. Na4 Qc7 22. Bf4 g5 23. Be3 Nd7 24. h4 f6 25. Nh2 Bf7 26. Nc3 Nc5 (26... Qa5 $14) 27. Nd5 $16 Qa5 28. Rb1 {[#] Black must now prevent b4.} (28. b4 $5 Nxb4 29. Bd2 Bxd5 30. exd5 $11) 28... Nd7 $1 29. b4 Qd8 $1 30. c5 $36 {[%mdl 2048] Black is under pressure.} e6 31. Nc3 dxc5 32. bxc5 Qc7 33. hxg5 (33. e5 $5) 33... hxg5 34. Na4 Bf8 (34... Rcd8 $11) 35. Ng4 {Rxd7! is the strong threat.} Bg7 36. Qb2 ({White should play} 36. Rd6 $16) 36... Rb8 $2 (36... Nde5 $14 37. Nxe5 Nxe5) 37. Rxd7 $1 $18 Qxd7 38. Nxf6+ Bxf6 39. Qxf6 Qe7 {[#]} 40. Qh6 $1 {[%mdl 1024] White has strong compensation.} (40. Qxg5+ $6 Qxg5 41. Bxg5 e5 $16) (40. Bxg5 $6 Qxf6 41. Bxf6 e5 $16) 40... g4 (40... Qf8 {was necessary.} 41. Qxg5+ Qg7) 41. Bg5 Qf8 {With the idea ...Qxh6.} 42. Qh4 Bg6 43. Bf6 ({Less strong is} 43. Qxg4 Qg7 $18) 43... Kf7 $2 (43... Re7 44. Bxe7 Qxe7 45. Qxg4 Qf6) 44. Rd1 (44. Qg5 $142) 44... Red8 45. Bxd8 Rxd8 46. Qxg4 Nd4 47. Qf4+ Kg8 48. Qxf8+ Kxf8 49. Kf1 Bh5 50. Rd2 e5 51. f4 Kf7 (51... Bf7 {is a better defense.} 52. Bh3 (52. fxe5 Be6 $18) 52... Ke7) 52. Nb6 ({Not} 52. fxe5 Bg4 $18) 52... Rg8 53. Nc4 Be2+ (53... Nc6 $142 54. Kf2 (54. Nxe5+ Nxe5 55. fxe5 Rxg3 $18) 54... Kf8) 54. Rxe2 Nxe2 55. Nxe5+ {Precision: White = 55%, Black = 31%.} 1-0

[Event "XIX Sants Open 2017"]
[Site "Cotxeres de Sants"]
[Date "2017.08.18"]
[Round "1"]
[White "Heimann, Andreas"]
[Black "Tazzioli, Luca"]
[Result "1-0"]
[WhiteElo "2591"]
[BlackElo "2114"]
[Annotator "TA"]
[PlyCount "93"]
[EventDate "2017.??.??"]
[EventType "swiss"]
[EventCountry "ESP"]
[SourceTitle "playchess.com"]
[Source "ChessBase"]
[SourceQuality "1"]

{[%evp 13,93,-3,33,-2,-2,-2,0,-6,6,0,0,0,14,21,19,5,8,17,25,8,21,15,17,10,28,23,44,43,44,47,122,46,227,59,190,200,192,75,79,64,67,6,185,181,164,47,38,48,51,21,29,21,22,1,7,6,26,28,142,136,201,199,183,184,194,166,5493,4934,4922,4914,29970,29971,29979,29980,29979,29980,29981,29982,29985,29986,29985,29985]} 1. d4 d5 2. c4 e6 3. Nc3 Be7 4. Nf3 Nf6 5. Bf4 O-O 6. e3 b6 7. cxd5 Nxd5 {LiveBook: 201 Games} 8. Bd3 {D37: Queen's Gambit Declined: 5 Bf4} (8. Nxd5 Qxd5 9. Bd3 Ba6 10. O-O Bxd3 11. Qxd3 c5 12. e4 Qb7 13. d5 exd5 14. exd5 Nd7 15. Rfe1 Rfe8 {1-0 (38) Korobov,A (2692)-Yu,Y (2729) Doha 2016}) 8... Nxf4 9. exf4 Bb7 10. O-O {The position is equal.} Nd7 11. Qe2 Nf6 12. Rac1 $146 ({Predecessor:} 12. Rfd1 Nd5 13. Nxd5 Bxd5 14. Rac1 g6 15. Be4 Bf6 {1-0 (44) Danner,G (2421)-Klovans,J (2446) Schwarzach 2001}) 12... Nd5 (12... Bxf3 $5 13. Qxf3 Qxd4 $11) 13. Nxd5 Bxd5 14. Be4 Rc8 15. Ne5 a5 16. Bxd5 Qxd5 17. Nc6 Bd6 18. a3 Rce8 19. g3 f6 20. Rfe1 Rf7 21. Qe4 {aiming for Qxd5.} Qh5 {[#]} (21... Rff8 $14) 22. Rc2 (22. f5 $1 $16 {[%mdl 512]}) 22... h6 $2 {[#]} (22... Rff8 $14) 23. Rce2 $2 ({White has to play} 23. f5 $1 $18 {[%mdl 512]}) 23... f5 ({Better is} 23... Rff8 $1 $14) 24. Qd3 $18 g5 25. d5 (25. Rxe6 $18 Rxe6 26. Rxe6) 25... gxf4 $16 26. dxe6 Rg7 {Black wants to play ...fxg3.} 27. Qd5 ({White should try} 27. Nd4 $1 $14 fxg3 28. hxg3) 27... Bc5 $2 (27... fxg3 $11 28. hxg3 Qg5) 28. Kg2 $1 $18 Rg5 29. Qf3 (29. Ne5 $18) 29... Qxf3+ $14 30. Kxf3 fxg3 31. fxg3 Rg6 32. b4 $36 {[%mdl 2048] White fights for an advantage.} axb4 33. axb4 Bd6 34. b5 Kf8 35. e7+ Kg8 (35... Kg7 $1 $11) 36. Re6 $16 Kg7 (36... Rxe6 $16 {was worth a try.} 37. Rxe6 h5) 37. Rxg6+ $18 Kxg6 {[%mdl 4096] Endgame KRB-KRN} 38. Re6+ Kg7 39. Nd4 Rxe7 $2 (39... Kf7) 40. Nxf5+ Kf7 41. Rxe7+ ({Weaker is} 41. Rxh6 Re5 $18) 41... Bxe7 42. Nxe7 {White mates.} Kxe7 {K3P-K3P} 43. g4 Kd6 {[#]} 44. h4 $1 {[%cal Bh2h4,Bh4h5][%mdl 32]} c6 45. bxc6 Kxc6 46. g5 hxg5 {[#]} 47. h5 $1 {Precision: White = 51%, Black = 25%.} 1-0

[Event "XIX Sants Open 2017"]
[Site "Cotxeres de Sants"]
[Date "2017.08.18"]
[Round "1"]
[White "Delchev, Aleksander"]
[Black "Ongut, Tamas Gunes"]
[Result "1-0"]
[WhiteElo "2577"]
[BlackElo "2111"]
[Annotator "TA"]
[PlyCount "81"]
[EventDate "2017.??.??"]
[EventType "swiss"]
[EventCountry "ESP"]
[SourceTitle "playchess.com"]
[Source "ChessBase"]
[SourceQuality "1"]

{[%evp 17,81,71,75,39,58,44,50,61,81,50,55,47,50,55,52,12,24,28,24,28,27,19,24,26,33,18,22,18,30,27,29,10,16,12,16,-35,15,8,55,31,45,54,51,58,89,86,109,112,95,86,110,112,148,137,139,138,286,282,267,277,279,256,306,321,396,394]} 1. e4 e5 2. Bc4 Nc6 3. Nf3 Nf6 4. d3 Be7 5. O-O O-O 6. Re1 d6 7. a4 h6 8. c3 Kh8 {C55: Two Knights: 4 d3, 4 d4 exd4 5 e5 and Max Lange Attack} (8... a6 9. Nbd2 Be6 10. Qc2 Qd7 11. b4 Nh7 12. Bxe6 fxe6 13. Bb2 b6 14. b5 axb5 15. axb5 Na5 16. c4 {½-½ (54) So,W (2812)-Ivanchuk,V (2738) Leuven 2017}) 9. a5 a6 {LiveBook: 6 Games} 10. Nbd2 Ng8 $146 {White is slightly better.} ({Find the theoretical novelty and annotate with similar games:} 10... Nh7 11. d4 exd4 12. cxd4 f5 13. d5 Ne5 14. Nxe5 dxe5 15. Nf3 Bd6 16. exf5 e4 17. Nd4 Bxf5 18. Nxf5 Rxf5 19. Rxe4 Nf6 20. Re6 {1-0 (20) Delchev,A (2661)-Bologan,V (2661) Gonfreville 2006}) 11. Qb3 f5 12. exf5 Rxf5 13. Ne4 Rf8 14. Be3 Nf6 15. Nxf6 Bxf6 16. Nd2 Ne7 {Hoping for ...d5.} 17. Be6 Bxe6 18. Qxe6 Qc8 19. Qxc8 Raxc8 20. Ne4 Nf5 21. Bd2 Be7 22. b4 Rce8 23. Rab1 c6 24. c4 Nd4 25. Bc3 Ne6 26. Rbd1 (26. Nd2 $11) 26... Rc8 27. Nd2 Rf5 28. g3 (28. d4 $5) 28... g5 29. d4 d5 30. c5 (30. dxe5 d4 $17) ({Much worse is} 30. Rxe5 Rxe5 31. dxe5 d4 $15) 30... e4 {[#]} 31. f3 $1 {[%cal Bf2f3,Bf3e4][%mdl 544]} Rf7 (31... exf3 32. Rxe6) 32. fxe4 Nc7 33. Nf1 Kh7 {[#]} 34. Ne3 $1 Nb5 35. Bb2 dxe4 {[#]} 36. d5 $1 {[%cal Bd4d5,Bd5d6][%mdl 32]} Bf6 (36... cxd5 $16 37. Nxd5 Re8) 37. Bxf6 $18 Rxf6 38. Ng4 Rf7 39. d6 ({Weaker is} 39. Rxe4 Nc3 $17) 39... h5 40. Nf2 Nc3 41. Nxe4 {Precision: White = 59%, Black = 39%.} 1-0

[Event "XIX Sants Open 2017"]
[Site "Cotxeres de Sants"]
[Date "2017.08.18"]
[Round "1"]
[White "Grigoryan, Karen H"]
[Black "Debard, Michel"]
[Result "1-0"]
[WhiteElo "2570"]
[BlackElo "2104"]
[Annotator "TA"]
[PlyCount "125"]
[EventDate "2017.??.??"]
[EventType "swiss"]
[EventCountry "ESP"]
[SourceTitle "playchess.com"]
[Source "ChessBase"]
[SourceQuality "1"]

{[%evp 25,125,77,72,70,62,54,57,55,86,79,180,189,204,189,179,185,334,331,313,297,298,277,276,234,253,231,266,243,241,236,239,226,229,222,243,222,204,207,210,188,199,210,214,189,225,244,253,237,260,256,258,227,224,228,223,217,216,207,254,255,241,247,243,233,287,232,382,379,366,354,389,388,387,375,329,345,591,591,1403,1289,1640,1583,29958,29959,29965,29966,29977,29980,29980,29981,29980,29981,29982,29983,29984,29985,29985,29986,29987,29988,29995,29996]} 1. Nf3 Nf6 2. g3 g6 3. Bg2 Bg7 4. O-O O-O 5. c4 d6 6. d4 Nbd7 {[%cal Bb8d7,Bd7c5,Bc5e6][%mdl 32]} 7. Nc3 e5 8. e4 Re8 9. h3 exd4 10. Nxd4 Nc5 11. Re1 a6 12. Qc2 {E68: King's Indian: Fianchetto: 6...Nbd7 7 0-0 e5 8 e4} Rb8 (12... Ne6 13. Nde2 Bd7 14. a4 h6 15. Kh2 Nc5 16. Be3 Qe7 17. f3 a5 18. Bf2 {0-1 (56) Jaracz,P (2542)-Korobov,A (2660) Warsaw 2011}) 13. Be3 Bd7 {LiveBook: 7 Games} 14. b4 {White is better.} Ne6 15. Rad1 Qc8 16. Nb3 h6 17. f4 c5 $146 (17... h5 $16) ({Predecessor:} 17... Nh5 18. Bf2 Nhxf4 19. gxf4 Nxf4 20. Bg3 Nxg2 21. Kxg2 Bxh3+ {1-0 (37) Cobb,J (2345)-Buckley,S (2215) Newport 1999}) 18. bxc5 $18 (18. Rxd6 $6 cxb4 19. Ne2 (19. Nd5 Nxd5 20. Rxd5 Nc7 $11) 19... Bf8 $14) 18... Nxc5 19. Nxc5 (19. Rxd6 $6 Nxb3 20. axb3 Bxh3 $16) 19... dxc5 20. e5 Bxh3 (20... Nh7 $142 21. g4 b6) 21. exf6 Bxf6 22. Nd5 Bg7 23. Bxh3 Qxh3 24. Qg2 Qxg2+ 25. Kxg2 Re4 26. Rc1 (26. Bxc5 $6 Rxc4 27. Rc1 b5 $18) 26... b5 27. cxb5 Rxb5 28. Re2 Ra5 29. Kf3 f5 30. Nc3 Rc4 31. Rec2 Bd4 32. Nb1 Bxe3 33. Kxe3 Re4+ 34. Kf3 g5 35. Nc3 Ra3 36. Kf2 Rd4 37. Ne2 Re4 38. Rd2 gxf4 39. gxf4 c4 40. Rg1+ Kf7 41. Rg3 Rxg3 42. Kxg3 {[%mdl 4096] Endgame KRN-KR} (42. Nxg3 $6 Rxf4+ 43. Ke3 c3 $16) 42... Re3+ 43. Kf2 Ra3 44. Rc2 h5 45. Nd4 ({Resist} 45. Rxc4 $6 Rxa2 46. Rc6 Kg7 $18) 45... Kf6 (45... Kg6 {was called for.} 46. Nf3 (46. Rxc4 h4 $16) 46... c3 47. Ne5+ Kf6) 46. Rxc4 Rxa2+ 47. Kg3 a5 48. Rc6+ Ke7 49. Nxf5+ Kd7 50. Ra6 Kc7 $2 {[#]} (50... Ra4 {was necessary.} 51. Ne3 h4+ 52. Kf3 (52. Kxh4 Rxf4+ 53. Kg5 Re4 $11) 52... Ra1) 51. Nd6 Rd2 52. Ne8+ Kd8 53. Nf6 Ra2 54. Nxh5 {White mates.} Kc7 55. f5 Kb7 56. f6 Kxa6 {KR-KN} 57. f7 Ra3+ 58. Kg4 Rb3 59. f8=Q a4 60. Nf4 a3 61. Ne6 Ka5 62. Nd4 Rb4 63. Qc5+ {Precision: White = 88%, Black = 41%.} 1-0

[Event "XIX Sants Open 2017"]
[Site "Cotxeres de Sants"]
[Date "2017.08.18"]
[Round "1"]
[White "Ortiz Suarez, Isan Reynaldo"]
[Black "Del Amo Carbo, Jordi"]
[Result "1-0"]
[WhiteElo "2556"]
[BlackElo "2103"]
[Annotator "TA"]
[PlyCount "57"]
[EventDate "2017.??.??"]
[EventType "swiss"]
[EventCountry "ESP"]
[SourceTitle "playchess.com"]
[Source "ChessBase"]
[SourceQuality "1"]

{[%evp 22,57,61,76,77,75,73,72,72,56,69,69,40,56,120,119,117,116,225,233,232,216,214,217,1354,1297,1410,1401,5306,1831,5297,5285,29991,29990,29990,29991,29991,29992]} 1. c4 Nf6 2. g3 e6 3. Bg2 d5 4. Nf3 Be7 5. O-O O-O 6. d4 b6 7. cxd5 exd5 8. Nc3 Bb7 9. Bf4 c6 10. Rc1 Re8 11. Ne5 Nbd7 12. e4 {LiveBook: 3 Games. E18: Queen's Indian: Old Main Line (4 g3 Bb7 5 Bg2 Be7 6 0-0 0-0 7 Nc3)} Nxe5 13. dxe5 Nxe4 14. Nxe4 {White is better.} dxe4 15. Bxe4 Bc5 16. Qh5 $146 ({Predecessor:} 16. Qf3 Qd7 17. Rfd1 Qe6 18. a3 a5 19. b4 axb4 20. axb4 Bxb4 21. Bxc6 {½-½ (43) Inkiov,V (2495)-Iotti,P (2325) Porto San Giorgio 1998}) 16... g6 17. Qf3 $36 {[%mdl 2048] White has the initiative.} Rc8 ({Better is} 17... Qe7 $14) 18. Rfd1 $16 Qe7 19. h4 Qe6 (19... Rcd8 $16 {might work better.}) 20. Rxc5 $1 $18 bxc5 {[#]} 21. Rd6 $1 {[%cal Rd6e6]} Qe7 {[#]} ({Of course not} 21... Qxa2 $6 22. Bh6 $16) 22. Bg5 $1 {[%cal Rg5e7]} Qc7 $2 (22... Qf8) 23. Bf6 Re6 24. Qf4 {White wants to mate with Qh6!} Rxf6 25. exf6 {Threatening mate with Qh6!} Kh8 {[#]} 26. h5 $1 {[%mdl 512]} Rd8 (26... gxh5 27. Qh6) 27. Qh6 {[%csl Gf6][%cal Rh6g7] White mates.} Rg8 {[#]} 28. hxg6 $1 {[%mdl 512]} fxg6 29. Re6 {Precision: White = 100%, Black = 26%.} 1-0

[Event "XIX Sants Open 2017"]
[Site "Cotxeres de Sants"]
[Date "2017.08.18"]
[Round "1"]
[White "Praggnanandhaa R"]
[Black "Pajeken, Jakob Leon"]
[Result "1-0"]
[WhiteElo "2487"]
[BlackElo "2094"]
[Annotator "TA"]
[PlyCount "59"]
[EventDate "2017.??.??"]
[EventType "swiss"]
[EventCountry "ESP"]
[SourceTitle "playchess.com"]
[Source "ChessBase"]
[SourceQuality "1"]

{[%evp 23,59,12,22,7,27,40,30,40,58,35,67,51,45,39,83,35,20,17,20,-26,58,58,97,97,94,103,127,95,310,263,748,735,825,766,1205,1112,1515,1502]} 1. e4 e5 2. Nf3 Nc6 3. Bc4 Bc5 4. c3 Nf6 5. d3 a6 6. Bb3 O-O 7. h3 Ba7 8. O-O d6 9. Re1 h6 10. Nbd2 Nh5 {C54: Giuoco Piano: 4 c3 Nf6, main lines with 5 d4 and 5 d3} (10... Re8 11. Nf1 Be6 12. Be3 Bxe3 13. Nxe3 Qd7 14. Bxe6 Qxe6 15. c4 Ne7 16. Nd5 Nexd5 17. cxd5 Qd7 18. d4 c6 19. dxc6 Qxc6 {½-½ (71) Kramnik,V (2808)-So,W (2812) Stavanger 2017}) 11. Nf1 Qf6 12. N1h2 Nf4 {LiveBook: 5 Games. The position is equal.} 13. Be3 (13. d4 $5) 13... Qg6 {[%csl Gf4][%cal Rg6g2] [#]} 14. Bxf4 $1 exf4 15. Kf1 Bd7 $146 ({Find the theoretical novelty and annotate with similar games:} 15... h5 16. d4 Re8 17. Bc2 Qh6 18. h4 Bd7 19. Qd3 Nb4 20. Qd2 Nxc2 21. Qxc2 {1-0 (62) Iosif,C (2220)-Kogan,A (2335) Oakham 1990}) 16. d4 Rad8 17. Qd2 Qf6 18. Kg1 Rfe8 19. Rad1 g5 20. e5 dxe5 21. dxe5 Qg7 (21... Qg6 $11) 22. Qc2 $14 Kh8 23. Ng4 Bxg4 24. Rxd8 Rxd8 25. hxg4 Na5 $2 {[#]} (25... Qg6 $16) 26. e6 $1 $18 {[%cal Re6f7]} fxe6 $2 (26... f6 27. Qe4 Nxb3) 27. Rxe6 {White is clearly winning.} Nxb3 28. axb3 ({Not} 28. Qxb3 Qd7 $16) 28... Bb6 29. Ne5 Bc5 30. Qf5 {Precision: White = 64%, Black = 23%.} 1-0

[Event "XIX Sants Open 2017"]
[Site "Cotxeres de Sants"]
[Date "2017.08.18"]
[Round "1"]
[White "Chakravarthy Y V K"]
[Black "Oparin, Grigoriy"]
[Result "0-1"]
[WhiteElo "2121"]
[BlackElo "2609"]
[Annotator "TA"]
[PlyCount "64"]
[EventDate "2017.??.??"]
[EventType "swiss"]
[EventCountry "ESP"]
[SourceTitle "playchess.com"]
[Source "ChessBase"]
[SourceQuality "1"]

{[%evp 11,64,16,9,-12,-12,-14,17,-15,-10,-14,-13,-8,0,-2,0,-18,-2,-41,-29,-58,0,-59,-22,-29,0,0,-14,-24,-7,-68,0,-127,-110,-229,-236,-223,-222,-204,-57,-128,-155,-148,-148,-433,-433,-433,-433,-429,-421,-897,-884,-885,-826,-1836,-1695]} 1. d4 Nf6 2. Bf4 c5 3. e3 cxd4 (3... g6 4. c3 Qb6 5. Qb3 Bg7 6. Nd2 O-O 7. Nc4 Qd8 8. Nf3 cxd4 9. exd4 Nc6 10. Be2 d6 11. Rd1 {1-0 (36) Kamsky,G (2661)-Sokolov,I (2632) Stockholm 2017}) 4. exd4 Qb6 5. Nc3 a6 6. a3 {A45: Trompowsky Attack} d5 {LiveBook: 3 Games} 7. h3 Bf5 $146 ({Predecessor:} 7... Nc6 8. Nf3 Bf5 9. Na4 Qa5+ 10. c3 e6 11. b4 Qd8 {1-0 (65) Belouadah,S (2340)-Macias Murillo,B (2276) Baku 2016}) 8. Nf3 {The position is equal.} Nbd7 ({Don't go for} 8... Qxb2 $2 9. Na4 $18) 9. Rb1 e6 10. Bd3 Bxd3 11. Qxd3 Rc8 12. O-O Qc6 13. Ra1 Ne4 {[%cal Re4c3]} 14. Bd2 Be7 15. Rfe1 {[%cal Rc3e4]} f5 (15... Nxd2 $15 16. Qxd2 O-O) 16. Rec1 (16. Rac1 $11) 16... Kf7 17. Nd1 Qb5 18. Qxb5 axb5 19. Bb4 Bf6 20. a4 ({White should try} 20. Nc3 $11) 20... g5 (20... Ng5 $15) 21. g4 (21. axb5 $11 g4 22. hxg4 fxg4 23. Nd2 Nxd2 24. Bxd2) 21... h5 $1 $17 22. Ne3 (22. gxf5 $17 {was the only chance.} exf5 23. axb5) 22... hxg4 $19 23. hxg4 Rh3 24. Kg2 {[#]} Rch8 (24... Rxf3 $1 $19 {[%mdl 512]} 25. Kxf3 Bxd4) 25. c3 {[#]} ({White should play} 25. Rg1 $15) 25... Nb6 $1 $36 {[%cal Bd7b6,Bb6c4,Bc4b2,Bb2d3][%mdl 2080] ...Nc4 is the strong threat. Keeping White busy.} 26. axb5 {[#]} Nc4 $1 {[%cal Rc4e3]} 27. Nf1 $2 {[%mdl 8192]} (27. Nxc4 $17 dxc4 28. Rh1 Rxh1 29. Rxh1) 27... Nxb2 $19 {Black is clearly winning.} 28. Ng1 R3h4 29. f3 Nd3 {[%cal Rd3f4]} 30. fxe4 (30. Ne2 $142 Nef2 31. Rcb1) 30... Rxg4+ 31. Ng3 dxe4 32. Rf1 Nf4+ {Precision: White = 17%, Black = 48%.} 0-1

[Event "XIX Sants Open 2017"]
[Site "Cotxeres de Sants"]
[Date "2017.08.18"]
[Round "1"]
[White "Vergara Jofre, Felipe"]
[Black "Vocaturo, Daniele"]
[Result "0-1"]
[WhiteElo "2119"]
[BlackElo "2596"]
[Annotator "TA"]
[PlyCount "38"]
[EventDate "2017.??.??"]
[EventType "swiss"]
[EventCountry "ESP"]
[SourceTitle "playchess.com"]
[Source "ChessBase"]
[SourceQuality "1"]

{[%evp 25,38,-65,-16,-30,0,-107,-70,-275,-273,-564,-442,-551,-547,-444,-302]} 1. e4 e5 2. Nf3 Nc6 3. Bc4 Bc5 4. c3 Nf6 5. d3 O-O 6. O-O d5 7. exd5 Nxd5 8. Re1 Bg4 9. h3 {C54: Giuoco Piano: 4 c3 Nf6, main lines with 5 d4 and 5 d3} Bh5 10. g4 (10. b4 Bb6 11. b5 Na5 12. Rxe5 Nf6 13. Nbd2 Re8 14. Rxe8+ Qxe8 15. a4 Bxf3 16. gxf3 Rd8 {½-½ (35) Vovk,A (2641)-Hracek,Z (2594) Hungary 2016}) 10... Bg6 11. Nxe5 Nxe5 12. Rxe5 c6 13. Qf3 Bd6 {[%mdl 1024] LiveBook: 3 Games. Black has compensation.} (13... Qc7 $5 {[%cal Rc7e5]} 14. Re1 Rae8 $15) 14. Re1 Kh8 $146 (14... Re8 $5 {[%cal Re8e1]} 15. Rd1 Bc7 $11) ({Predecessor:} 14... Bc7 15. Na3 f5 16. g5 f4 {0-1 (38) Hajnal,Z (2368)-Kilgus,G (2400) Austria 2012}) 15. Kh1 (15. Na3 $11) 15... Qh4 {[#] aiming for ...f5.} 16. Nd2 $2 (16. Bxd5 $15 cxd5 17. Be3) 16... f5 $19 17. g5 $2 (17. Nf1 {was called for.} fxg4 18. Qxg4 Qxf2 19. Bd2) 17... Rae8 {Black is clearly winning.} 18. Rf1 Bh5 19. Qg2 Be2 0-1

[Event "XIX Sants Open 2017"]
[Site "Cotxeres de Sants"]
[Date "2017.08.18"]
[Round "1"]
[White "Jareno Badenas, Aleix"]
[Black "Tari, Aryan"]
[Result "0-1"]
[WhiteElo "2113"]
[BlackElo "2591"]
[Annotator "TA"]
[PlyCount "62"]
[EventDate "2017.??.??"]
[EventType "swiss"]
[EventCountry "ESP"]
[SourceTitle "playchess.com"]
[Source "ChessBase"]
[SourceQuality "1"]

{[%evp 24,62,8,-19,23,16,83,72,84,63,63,47,57,39,57,54,58,56,61,0,74,64,93,104,85,0,0,-27,-42,-71,-75,-66,-51,-570,-559,-714,-725,-29990,-29991,-29991,-29978]} 1. e4 c5 2. Nf3 d6 3. d4 cxd4 4. Nxd4 Nf6 5. Nc3 a6 6. Be3 e5 7. Nb3 Be6 8. f3 Be7 9. Qd2 h5 10. a4 {B90: Sicilian Najdorf: Unusual White 6th moves, 6 Be3 Ng4 and 6 Be3 e5} (10. Be2 Nbd7 11. Nd5 Bxd5 12. exd5 O-O 13. O-O Qb8 14. Kh1 Bd8 15. f4 Re8 16. c4 b5 17. fxe5 Nxe5 18. cxb5 axb5 {0-1 (46) Leko,P (2712)-Nepomniachtchi,I (2725) Danzhou 2016}) 10... Nbd7 11. a5 O-O 12. Be2 Qc7 13. O-O {LiveBook: 6 Games} Rfc8 14. Rfd1 {[#]} Bc4 $146 {[#]} (14... Re8 $11) ({Find the theoretical novelty and annotate with similar games:} 14... Qc6 15. Bf2 Bf8 16. Kh1 g6 {½-½ (27) Zhigalko,S (2539)-Tihonov,J (2501) Minsk 2007}) 15. Bxc4 $1 $16 Qxc4 16. Qf2 Qe6 17. Rd2 Rc4 18. Rad1 Rac8 19. h3 Nf8 20. Bg5 N8h7 21. Be3 (21. Bh4 $1 $14) 21... h4 (21... Nf8 $11 {remains equal.}) 22. Qe1 Nh5 23. Bf2 g5 24. Nd5 (24. Nc1 $16) 24... Rxc2 $11 25. Nxe7+ Qxe7 26. Rxd6 Rxb2 27. Nc5 Nf8 $1 28. Nd7 $2 {[%mdl 8192]} ({Better is} 28. Nd3 $15 Qxd6 29. Nxb2) 28... Rcc2 $19 {[%cal Bc8c2,Bc2f2,Bf2g2][%mdl 32]} 29. Nxf8 {[#] Hoping for Ng6!} Rxf2 30. Rd8 Rxg2+ 31. Kf1 Kg7 {Precision: White = 26%, Black = 50%.} 0-1